Programming microsoft office 365: (Record no. 137943)

MARC details
000 -LEADER
fixed length control field 00695nam a22001937a 4500
005 - DATE AND TIME OF LATEST TRANSACTION
control field 20170303152016.0
010 ## - LCCN (DPL NO)
LC control number ENG-117384
020 ## - INTERNATIONAL STANDARD BOOK NUMBER
International Standard Book Number 9788120352971
Terms of availability 595.00
035 ## - SYSTEM CONTROL NUMBER
System control number EN-100916
037 ## - SOURCE OF ACQUISITION
Source of stock number/acquisition DBAD/PUB
082 ## - DEWEY DECIMAL CLASSIFICATION NUMBER
Classification number 005.3
100 ## - MAIN ENTRY--PERSONAL NAME
Personal name Pialorsi, Paolo
245 ## - TITLE STATEMENT
Title Programming microsoft office 365:
Statement of responsibility, etc by Paolo Pialorsi
Remainder of title cover microsoft graph, office 365 applications, sharePoint Add-ins,office 365 groups,and more /
260 ## - PUBLICATION, DISTRIBUTION, ETC. (IMPRINT)
Place of publication, distribution, etc Delhi
Name of publisher, distributor, etc PHI Learning Private Limited
Date of publication, distribution, etc 2017
270 ## - ADDRESS
Address 111, Rimjhim House, Patparganj Industrial Estate
City Delhi
Postal code 110092
300 ## - PHYSICAL DESCRIPTION
Extent xv,392p. :
Dimensions 24cm (pbk)
Other physical details ill
500 ## - GENERAL NOTE
General note Includes index
942 ## - ADDED ENTRY ELEMENTS (KOHA)
Source of classification or shelving scheme Dewey Decimal Classification
Item type English Books
Classification part 005.3
Call number suffix PIA
Holdings
Withdrawn status Lost status Not for loan Collection code Home library Current library Date acquired Source of acquisition Cost, normal purchase price Full call number Barcode Copy number Cost, replacement price Koha item type
      Non-fiction Ashok Vihar Ashok Vihar 02/03/2017 DBAD/PUB 595.00 005.3 PIA EN-100916 1 595.00 English Books

© Delhi Public Library
Hit Counter
free hit counter